Loves of a Blonde = Lásky jedné plavovlásky /
Una joven que vive en una pequeña ciudad cercana a Praga tiene una relación fugaz con un joven de una unidad militar que ha llegado al pueblo. Al no tener noticias suyas, decide buscarlo en Praga, causándole enormes disgustos con su familia. Tercer largometraje dirigido por Milos Forman y uno de los...
Сохранить в:
| Главный автор: | |
|---|---|
| Другие авторы: | , , , , , , , , , |
| Формат: | |
| Язык: | чешский |
| Опубликовано: |
Praga, República Checa :
Filmové Studio Barrandov
1965-2001
|
| Серии: | (Criterion Collection ;
144) |
| Предметы: | |
| Метки: |
Нет меток, Требуется 1-ая метка записи!
|
MARC
| LEADER | 00000ngm^a2200000^a^4500 | ||
|---|---|---|---|
| 001 | 000290383 | ||
| 005 | 20251020000000.0 | ||
| 009 | 20260310112007.079 | ||
| 020 | |a 0-78002-496-6 | ||
| 037 | |a Acervo ITESO - Biblioteca | ||
| 041 | |a CHE | ||
| 082 | |a 808. 8 |b CRI V. 144 | ||
| 100 | |a Forman, Milos |e (realización) | ||
| 240 | 1 | 5 | |a [Los amores de una rubia] |
| 245 | 1 | 0 | |a Loves of a Blonde = |b Lásky jedné plavovlásky / |c Realización de M. Forman. |
| 246 | 2 | |a Título en México: Los amores de una rubia | |
| 264 | 1 | |a Praga, República Checa : |b Filmové Studio Barrandov |c 1965-2001 | |
| 264 | 2 | |a Nueva York, EUA : |b Criterion Collection [distribución], |c 2002, c2002 | |
| 300 | |a 1 DVD sin dato de región (85, 17 min.) : |b blanco y negro + |e 1 tríptico | ||
| 336 | |a imagen móvil bidimensional |b tdi |2 rdacontenido | ||
| 337 | |a video |b v |2 rdamedio | ||
| 338 | |a videodisco |b vd |2 rdasoporte | ||
| 440 | 1 | |a (Criterion Collection ; |v 144) | |
| 520 | |a Una joven que vive en una pequeña ciudad cercana a Praga tiene una relación fugaz con un joven de una unidad militar que ha llegado al pueblo. Al no tener noticias suyas, decide buscarlo en Praga, causándole enormes disgustos con su familia. Tercer largometraje dirigido por Milos Forman y uno de los títulos más representativos de la llamada Nueva Ola Checa, desarrollada en los años precedentes a la Primavera de Praga. | ||
| 520 | |a Suplementos y características especiales: 1) An Interview with Milos Forman (17 min., 2001; en inglés, sin subtítulos), conversación con el director de la película; 2) Escena eliminada de la versión definitiva del filme que se conserva en los Estudios Barrandov, en Praga, pero que ha aparecido en otras copias y presentaciones en video (5 min.; en checo, con subtítulos en inglés) y 3) Folleto con un texto, en inglés, del crítico Dave Kehr. | ||
| 546 | |a En checo, con subtítulos opcionales: inglés | ||
| 586 | |a Premio Globo de Oro, de la Asociación de la Prensa Extranjera de Hollywood (24°: 1966): Mejor Película Extranjera en Lengua No Inglesa (finalista) | ||
| 586 | |a Premio Oscar, de la Academia Norteamericana de Cine (39°: 1966): Mejor Película en Lengua No Inglesa (finalista, representante de Checoslovaquia) | ||
| 649 | |a XX | ||
| 650 | |a Cineastas Checos - |x Entrevistas | ||
| 650 | |a Mujeres en el Cine | ||
| 650 | |a Jóvenes en el Cine | ||
| 650 | |a Comedias de Humor Negro | ||
| 650 | |a Comedias Cinematográficas | ||
| 650 | |a Nueva Ola Checoslovaca | ||
| 650 | |a Cine en Blanco y Negro - |z Checoslovaquia | ||
| 650 | |a Cine Checoslovaco - |y 1960-1969 | ||
| 650 | |a Cine Checoslovaco - |y Siglo XX | ||
| 650 | |a Cine Checoslovaco - |x Historia y Crítica | ||
| 650 | |a Amor | ||
| 650 | |a Relaciones Intergénero - |x Tema Principal | ||
| 650 | |a Sexualidad | ||
| 650 | |a Conflicto Intergeneracional | ||
| 650 | |a Vida Cotidiana - |z Checoslovaquia - |x Historia - |y 1945-1968 | ||
| 650 | |a Vida Cotidiana - |z Checoslovaquia - |x Historia - |y 1945-1992 | ||
| 650 | |a Vida Cotidiana - |z Checoslovaquia - |x Historia - |y 1918-1992 | ||
| 650 | |a Forman, Milos | ||
| 700 | |a Papousek, Jaroslav |e (guión) | ||
| 700 | |a Forman, Milos |e (guión) | ||
| 700 | |a Passer, Ivan |e (guión) | ||
| 700 | |a Ondříček, Miroslav |e (fotógrafo) | ||
| 700 | |a Hájek, Miroslav |e (montaje) | ||
| 700 | |a Illín, Evzen |e (música) | ||
| 700 | |a Brejchová, Hana |e (actuación) | ||
| 700 | |a Pucholt, Vladimír |e (actuación) | ||
| 700 | |a Mensík, Vladimír |e (actuación) | ||
| 700 | |a Kehr, Dave |e (texto del folleto) | ||
| 740 | 3 | |a An Interview with Milos Forman / | |
| 740 | 0 | |a "Loves of a Blonde" / |c Texto del folleto de D. Kehr. | |
| 910 | |a Fondo General | ||
| 920 | |a Audiovisuales - DVDs | ||
| 940 | |a Películas | ||
| 905 | |a 308 | ||
| 901 | |a 0500176019 |b IT2 |c DVR |u 20250521 | ||
| 901 | |a 0500177270 |b IT2 |c MIN |u 20251020 | ||
| 902 | |a https://opac.biblio.iteso.mx/vufind/Record/000290383 | ||